Name the Sims 4 World Based On the Description - Statistics

General Stats
  • This quiz has been taken 43 times
  • The average score is 9 of 13
Answer Stats
Description World % Correct
Classic Suburban, natury, Louisiana inspired Willow Creek
92%
Beachside, tropical, Polynesian inspired Sulani
89%
City, bustling, San Francisco Inspired San Myshuno
81%
Tutor, gloomy, german inspired Windenburg
78%
Desert, rocky, southwestern inspired Oasis Springs
75%
Beach, classy, Greek inspired Tartosa
75%
Natury, city like, Japanese inspired Mt. Komorebi
67%
Hills, suburbs, Los Angeles inspired Del Sol Valley
64%
Coastal, eastern, cape cod inspired Brindleton Bay
56%
Countryside, dirt path, European inspired Henford-on-Bagley
56%
Wooden, rustic, camping inspired Granite Falls
50%
Suburban, colorful, Bay Area inspired San Sequoia
50%
Northwest, development, Pacific inspired Evergreen Harbor
44%
No matching quizzes found
Score Distribution
Percent of People with Each Score
Percentile by Number Answered
Your Score History
You have not taken this quiz